| 000 | 01349nam a2200361 a 4500 | ||
|---|---|---|---|
| 001 | 000112800 | ||
| 003 | CHAP | ||
| 005 | 20220329144322.0 | ||
| 008 | 161124s2016 mx a fsm |||||||spa d | ||
| 010 | _a109261 | ||
| 011 | _a110233 | ||
| 040 | _cCHAP | ||
| 090 | _aTesis | ||
| 100 | 1 |
_aRendón Rosales, Miguel Ángel _9131431 |
|
| 245 | 1 | 0 |
_aActividad antitrombótica in vitro de leches fermentadas por cepas específicas de bacterias ácido lácticas / _h[En línea] _cpor Miguel Ángel Rendón Rosales. |
| 260 |
_aChapingo, Méx. : _bEl autor, _c2016. |
||
| 500 | _aPara ver el contenido del material haga clic en la liga | ||
| 502 | _aTesis (Ing. Agroindustrial) -- Departamento de Ingeniería Agroindustrial | ||
| 590 |
_aE11695DGD _b10 _c20170208 _lUCH01 _h1037 |
||
| 590 |
_aE6096MTM _b05 _c20170206 _lUCH01 _h1441 |
||
| 590 |
_aE8697GMM _b05 _c20161124 _lUCH01 _h1403 |
||
| 590 |
_aE8697GMM _b05 _c20161129 _lUCH01 _h1154 |
||
| 590 |
_aE8697GMM _b05 _c20161129 _lUCH01 _h1156 |
||
| 590 |
_aE8697GMM _b05 _c20161129 _lUCH01 _h1159 |
||
| 590 |
_aE8697GMM _b05 _c20161201 _lUCH01 _h1427 |
||
| 650 | 1 | 4 |
_aBacterias acidolácticas. _99323 |
| 650 | 1 | 4 |
_aLactobacillus. _964349 |
| 650 | 1 | 4 |
_aLeche _xFermentación. _965374 |
| 856 |
_aFinding aid _uhttp://10.13.5.2/tesis/sist112800.pdf _zTeclea aquí |
||
| 901 | _aBK | ||
| 942 | _cTESIS | ||
| 942 | _n0 | ||
| 999 |
_c109261 _d109261 |
||